000
00248nam a2200109Ia 4500
008
220204s9999 xx 000 0 und d
082
_a
82-3
_b
BRA
100
_a
Brand, Max
245
4
_a
The Guntamer
260
_a
New York
_b
Pocket
_c
1956
942
_c
BK
999
_c
32110
_d
32110